Datum a čas kvízu
29
Celkem bodů
Celkový počet nahraných bodů na tomto kvízu bez doplňovacích otázek.
7.
Pořadí na kvízu
Konečné umístění týmu na tomto kvízu.
Zaznamenané odpovědi
| # | Otázka | Odpověď | Body | Výsledky |
|---|---|---|---|---|
| 1. | V sezóně 2018/2019 fotbalový t... | David Bednář | 0 | |
| 2. | Město Blansko spravuje dvě sou... | Zdeněk Grünwald | 0 | |
| 3. | Blanenská taneční scéna již pr... | Lont | 1 | |
| 4. | Nejen taneční scénou je známé... | Bivojanka | 0 | |
| 5. | K 31.5. byl splatný poplatek z... | 540 Kč | 1 | |
| 6. | Jedním z nejznámějších lidí, k... | AEG | 0 | |
| 7. | Ludvík Daněk je pravděpodobně... | Mnichov 1972 | 0.5 | |
| 8. | Mnohé nepřekvapí, že jedním z... | ministr vnitra | 0 | |
| 9. | U politiky ještě zůstaneme, je... | 1D 2B 3A 4C | 0 | |
| 10. | V Blansku máme tři státní stře... | Bouda, Dvořáček, Petřík | 0.5 |